[Event "Toronto NAYCC U10"]
[Site "Toronto"]
[Date "2013.08.17"]
[Round "6"]
[White "Yaskolko, Maxim"]
[Black "Zhang, Jason S"]
[Result "0-1"]
[WhiteElo "1741"]
[BlackElo "1605"]
[PlyCount "84"]
[EventDate "2013.08.14"]
[EventType "swiss"]
[EventRounds "9"]
[EventCountry "CAN"]
[SourceTitle "EXT 2022"]
[Source "ChessBase"]
[SourceDate "2021.10.06"]
[SourceVersion "1"]
[SourceVersionDate "2021.10.06"]
[SourceQuality "1"]

1. e4 c5 2. Nf3 d6 3. d4 cxd4 4. Nxd4 Nf6 5. Nc3 g6 6. f3 Bg7 7. Be3 0-0 8. Qd2 Nc6 9. Bc4 Bd7 10. 0-0-0 Rc8 11. Bb3 Ne5 12. Qe2 a6 13. Kb1 Qa5 14. Nd5 Nxd5 15. Bxd5 b5 16. g4 Qc7 17. Rc1 Nc4 18. Bxc4 bxc4 19. c3 a5 20. Nc2 Rb8 21. Ka1 Rb7 22. Na3 Rc8 23. h4 h6 24. f4 e5 25. f5 Kh7 26. Rcf1 Be8 27. f6 Bf8 28. h5 g5 29. Qd2 Rcb8 30. Rb1 Bd7 31. Rhg1 Qc8 32. Bxg5 hxg5 33. Qxg5 d5 34. Qxe5 Rxb2 35. Rxb2 Rxb2 36. Kxb2 Bxa3+ 37. Ka1 Qc5 38. Qg3 Qb6 39. Rb1 Qxf6 40. g5 Qg7 41. Rb7 Be6 42. g6+ Kg8 0-1